000 00329nam a2200133Ia 4500
008 240624s9999 xx 000 0 und d
041 _aeng
082 _a332.4 MAR
100 _aMARSHALL JOHN F
245 _aUNDERSTANDING SWAPS
260 _c1993
_aNew York
_bJohn Wiley
300 _axvi, : 270 : p. : cm. ; 24
365 _c
_b28
999 _c11692
_d11692